Vaccinate the People by Guessing COVID-19 Vaccines - Statistics

General Stats
  • This quiz has been taken 150 times
  • The average score is 3 of 7
Answers on the Map
Answers color-coded by a green-red scale on the quiz's map according to % correct below.
 
Answer Stats
Hint Vaccine % Correct
A mRNA vaccine, produced between two companies from USA and Germany. BioNTech/Pfizer
95%
Viral vector vaccine produced in the UK. Developed by a traditional university and a multinational company. Oxford/AstraZeneca
68%
Another mRNA vaccine produced in the USA. Moderna
63%
Viral vector vaccine developed in Russia Sputnik V
46%
Is an inactivated virus vaccine produced in China. Sinovac
31%
Another viral vector vaccine that requires only one dose. Produced between two subsidiaries (from Belgium and Netherlands) of the Johnson & Johnson. Janssen
28%
Indian inactivated virus vaccine. Covaxin
17%
No matching quizzes found
Score Distribution
Percent of People with Each Score
Percentile by Number Answered
Your Score History
You have not taken this quiz